Szczegóły MARC21

Modele zarządzania gospodarką przestrzenną w obszarach metropolitalnych i aglomeracjach : kompendium /

003 -Nazwa inst., której nr kontr. jest w polu 001 [,]
    • @
    • Nazwa instytucji, której n kontrolny jest w polu 001
    • NUKAT
005 -DATA I CZAS OSTATNIEJ MODYFIKACJI [,]
    • @
    • pole kontrolne
    • 20241231095317.0
020 -Międzynarod. znormalizowany nr książki - ISBN [ , ]
    • a
    • Numer ISBN
    • 9788389440471 Find
040 -Instytucja sporządzająca opis [ , ]
    • a
    • Instytucja, która sporządziła opis (NP)
    • WR U/MB
    • c
    • Instytucja, która sporządziła rekord (NP)
    • WR U/MB
    • d
    • Instytucja, która zmodyfikowała rekord (P)
    • WR U/hb
    • d
    • Instytucja, która zmodyfikowała rekord (P)
    • WR U/MBs
041 -Język dokumentu [0, ]
    • a
    • Język tekstu (P)
    • polski
    • b
    • Język streszczeń lub abstraktu (P)
    • angielski
942 -Rodzaj dokumentu [ , ]
    • c
    • Rodzaj dokumentu
    • Książka
245 -Strefa tytułu i oznaczenia odpowiedzialności [0,0]
    • a
    • Tytuł
    • Modele zarządzania gospodarką przestrzenną w obszarach metropolitalnych i aglomeracjach : Find
    • b
    • Ciąg dalszy tytułu (NP)
    • kompendium / Find
    • c
    • Pozostałe elementy strefy tytułu i oznaczenia odpowiedzialności (NP)
    • pod red. Zygmunta Ziobrowskiego, Wojciecha Jarczewskiego, Krzysztofa Kafki ; [aut. Magdalena Dej et al.] ; Instytut Rozwoju Miast.
260 -Strefa adresu wydawniczego [ , ]
    • a
    • Miejsce wydania (P)
    • Kraków :
    • b
    • Nazwa wydawcy (P)
    • Instytut Rozwoju Miast,
    • c
    • Data wydania (P)
    • 2012.
300 -Strefa opisu fizycznego [ , ]
    • a
    • Określenie formy książki i/lub objętość (NP)
    • 142, [1] s. :
    • b
    • Oznaczenie ilustracji (NP)
    • il. (w tym kolor.) ;
    • c
    • Format (NP)
    • 24 cm.
336 -Typ zawartości [ , ]
    • a
    • Termin opisujący typ zawartości
    • Tekst
    • b
    • Kod określający zawartość
    • txt
    • 2
    • Źródło (terminu i kodu)
    • rdacontent
337 -Typ mediów [ , ]
    • a
    • Tryb odtwarzania
    • Bez urządzenia pośredniczącego
    • b
    • Kod typu mediów
    • n
    • 2
    • Źródło (terminu i kodu)
    • rdamedia
338 -Typ/rodzaj nośnika [ , ]
    • a
    • Hasło opisujące typ nośnika
    • Wolumin
    • b
    • Kod typu nośnika
    • nc
    • 2
    • Źródło (terminu i kodu)
    • rdacarrier
504 -Uwaga dot. bibliogr. załącznikowej [ , ]
    • a
    • Uwaga dot. bibliografii załącznikowej
    • Bibliogr. s. 137-140.
546 -Uwaga dot. języka [ , ]
    • a
    • Uwaga dot. języka
    • Streszcz. również w jęz. ang.
080 -Uniwersalna Klasyfikacja Dziesiętna [ , ]
    • 2
    • Identyfikator wydania tablic
    • UDC-P058
    • 9
    • UKD
    • 5998
    • a
    • Symbol klasyfikacji
    • 711.4/.8
    • b
    • Dopowiedzenie
    • Urbanistyka. Planowanie miast. Aglomeracja.
    • 4
    • UKD2
    • 7642
    • x
    • Poddział wspólny
    • (438)
    • c
    • Dopowiedzenie poddz. wspólnego
    • (Polska).
650 -Hasło przedmiotowe [ ,7]
    • a
    • Hasło przedmiotowe
    • Zagospodarowanie przestrzenne
    • z
    • Określnik geograficzny
    • Polska
    • y
    • Określnik chronologiczny
    • 1990-.
    • 2
    • Źródło terminu
    • kaba
    • 9
    • KHW
    • 352388
650 -Hasło przedmiotowe [ ,7]
    • a
    • Hasło przedmiotowe
    • Zagospodarowanie przestrzenne
    • z
    • Określnik geograficzny
    • Polska
    • z
    • Określnik geograficzny
    • Kraków (region)
    • y
    • Określnik chronologiczny
    • 1990-
    • v
    • Określnik formalny
    • studium przypadku.
    • 2
    • Źródło terminu
    • kaba
    • 9
    • KHW
    • 382933
650 -Hasło przedmiotowe [ ,7]
    • a
    • Hasło przedmiotowe
    • Zagospodarowanie przestrzenne
    • z
    • Określnik geograficzny
    • Europa Zachodnia.
    • 2
    • Źródło terminu
    • kaba
    • 9
    • KHW
    • 382931
650 -Hasło przedmiotowe [ ,7]
    • a
    • Hasło przedmiotowe
    • Zagospodarowanie przestrzenne
    • z
    • Określnik geograficzny
    • Polska
    • z
    • Określnik geograficzny
    • Górnośląski Okręg Przemysłowy
    • y
    • Określnik chronologiczny
    • 1990-
    • v
    • Określnik formalny
    • studium przypadku.
    • 2
    • Źródło terminu
    • kaba
    • 9
    • KHW
    • 382934
650 -Hasło przedmiotowe [ ,7]
    • a
    • Hasło przedmiotowe
    • Aglomeracje miejskie
    • z
    • Określnik geograficzny
    • Polska
    • z
    • Określnik geograficzny
    • Górnośląski Okręg Przemysłowy
    • y
    • Określnik chronologiczny
    • 1990-
    • v
    • Określnik formalny
    • studium przypadku.
    • 2
    • Źródło terminu
    • kaba
    • 9
    • KHW
    • 382935
650 -Hasło przedmiotowe [ ,7]
    • a
    • Hasło przedmiotowe
    • Aglomeracje miejskie
    • z
    • Określnik geograficzny
    • Polska
    • z
    • Określnik geograficzny
    • Kraków (region)
    • y
    • Określnik chronologiczny
    • 1990-
    • v
    • Określnik formalny
    • studium przypadku.
    • 2
    • Źródło terminu
    • kaba
    • 9
    • KHW
    • 382936
650 -Hasło przedmiotowe [ ,7]
    • a
    • Hasło przedmiotowe
    • Aglomeracje miejskie
    • z
    • Określnik geograficzny
    • Europa Zachodnia.
    • 2
    • Źródło terminu
    • kaba
    • 9
    • KHW
    • 382932
980 -Symbol UKD [ , ]
    • a
    • UKD
    • 711.4/.8(438)
700 -Hasło dodatkowe - nazwa osobowa [1, ]
    • a
    • Nazwa osobowa (NP)
    • Ziobrowski, Zygmunt Find
    • d
    • Daty biograficzne (NP)
    • (1938?-2023).
    • e
    • Określenie rodzaju współpracy
    • Red.
    • 9
    • KHW
    • 66720
700 -Hasło dodatkowe - nazwa osobowa [1, ]
    • a
    • Nazwa osobowa (NP)
    • Jarczewski, Woyciech. Find
    • e
    • Określenie rodzaju współpracy
    • Red.
    • 9
    • KHW
    • 68087
700 -Hasło dodatkowe - nazwa osobowa [1, ]
    • a
    • Nazwa osobowa (NP)
    • Kafka, Krzysztof. Find
    • e
    • Określenie rodzaju współpracy
    • Red.
    • 9
    • KHW
    • 68088
700 -Hasło dodatkowe - nazwa osobowa [1, ]
    • a
    • Nazwa osobowa (NP)
    • Dej, Magdalena. Find
    • 9
    • KHW
    • 68089
710 -Hasło dodatkowe - nazwa ciała zbiorowego [2, ]
    • a
    • Nazwa ciała zbiorowego lub nazwa geograficzna jako pierwszy element (NP)
    • Instytut Rozwoju Miast.
    • 4
    • Kod relacji
    • pbl
    • 9
    • KHW
    • 53043
920 -ISBN [ , ]
    • a
    • ISBN
    • 978-83-89440-47-1 Find
Sygnatura Numer inwentarzowy Status udost. Data inwentaryzacji Lokalizacja
T.14366T.14366-22014-01-17T